000 01310nam a22003497a 4500
001 BR0200897
003 BR-BrBNA
005 20230928101018.0
007 ta
008 230509b bl.||||| |||| 00| 0 por d
040 _aBR-BrBNA
_bpor
_cBiblioteca Nacional de Agricultura
041 _a(Eng, Por)
072 _aF01; F02; F30
_b0710
_b0718
090 _ 0710 BR0200897
110 1 _aEmpresa de Pesquisa Agropecuaria e Extensao Rural de Santa Catarina S.A., Florianopolis (Brasil)
111 1 _aSeminario sobre Fruticultura de Clima Temperado
_cFlorianopolis, SC (Brazil)
_d23-26 Oct 2001
245 1 _aSeminario sobre Fruticultura de Clima Temperado; perspectivas da fruticultura de clima temperado na regiao subtropical: estrategias e tecnologias para a sustentabilidade da fruticultura de baixo impacto ambiental
260 3 _aFlorianopolis, SC (Brasil):
_c2001.
300 _a161 p.
500 _aSummaries (Eng, Por); Several bibliography; 44 tables; 52 illus.
650 _aMaca
650 _aPera
650 _aVariedade Resistente
650 _aManejo do Solo
650 _aPropagacao Vegetativa
650 _aDoenca de Planta
650 _aPraga de Planta
650 _aResposta da Planta
650 _aImpacto Ambiental
909 _a202309
_bLucia
_c55
_dLucia Elande
942 _cBK
999 _c63859
_d63859